ბათუმის შოთა რუსთაველის სახელმწიფო უნივერსიტეტის ბიბლიოთეკა

აქ ზამთარშიც მოაქვთ ყვავილები. [დოკუმენტური მასალები ვ. ი. ლენინის ცხოვრებისა და რევოლუციური მოღვაწეობის შესახებ] (ბიბ.ჩანაწერი № 49720)

000 -LEADER
fixed length control field 01278nam a2200205Ia 4500
001 - CONTROL NUMBER
control field 16654
003 - CONTROL NUMBER IDENTIFIER
control field GE_BSU
008 - FIXED-LENGTH DATA ELEMENTS--GENERAL INFORMATION
fixed length control field 181216s||||||||xx |||||||||||||| ||und||
040 ## - CATALOGING SOURCE
Transcribing agency GE_BSU
100 ## - MAIN ENTRY--PERSONAL NAME
Personal name მახარაძე, ფილიპე
245 ## - TITLE STATEMENT
Title აქ ზამთარშიც მოაქვთ ყვავილები. [დოკუმენტური მასალები ვ. ი. ლენინის ცხოვრებისა და რევოლუციური მოღვაწეობის შესახებ]
245 ## - TITLE STATEMENT
Remainder of title [დოკუმენტური მასალები ვ. ი. ლენინის ცხოვრებისა და რევოლუციური მოღვაწეობის შესახებ]
260 ## - PUBLICATION, DISTRIBUTION, ETC.
Place of publication, distribution, etc. ბათუმი
260 ## - PUBLICATION, DISTRIBUTION, ETC.
Name of publisher, distributor, etc. საბჭ. აჭარა
260 ## - PUBLICATION, DISTRIBUTION, ETC.
Date of publication, distribution, etc. 1970
300 ## - PHYSICAL DESCRIPTION
Extent 154გვ. ; 17სმ
653 ## - INDEX TERM--UNCONTROLLED
Uncontrolled term აქ ზამთარშიც მოაქვთ ყვავილები
653 ## - INDEX TERM--UNCONTROLLED
Uncontrolled term დოკუმენტური მასალები ვ. ი. ლენინის ცხოვრებისა და რევოლუციური მოღვაწეობის შესახებ
942 ## - ADDED ENTRY ELEMENTS (KOHA)
Koha item type წიგნი
ეგზემპლარები
Withdrawn status Lost status Damaged status Not for loan Date acquired Barcode Date last seen Price effective from Koha item type
        2018-12-17 41262 2018-12-17 2018-12-17 წიგნი
        2018-12-17 41257 2018-12-17 2018-12-17 წიგნი